000 00874nam a2200301Ia 4500
003 OSt
005 20221006142242.0
006 a|||||r|||| 00| 0
007 ta
008 221006b |||||||| |||| 00| 0 eng d
020 _c50.57
024 _a5,809
037 _cTextual
040 _aEASL
_cEASL
_beng
041 _2eng
_aeng
082 _aY:1:6.42.N7, L4
100 _aLEBRA Takie Sugiyama Ed.
_9647262
245 0 _aJapanese culture and behavior
_b Selected readings
260 _aHonolulu
_bUniversity Press of Hawaii
_c1974
300 _axi,459p.
_ccm.
490 _v JEL
650 _a Japanese behavior
_9647263
650 _a Japanese culture
_9647264
650 _aJEL
700 _a LEBRA William P Ed.
_9270974
942 _hY:1:6.42.N7, L4
_cTEXL
_2CC
999 _c1073895
_d1073895